Most Common Words In English Starting With U - Statistics

General Stats
  • This quiz has been taken 2,303 times
  • The average score is 20 of 37
Answer Stats
Word % Correct
us
97%
up
96%
under
94%
use
92%
unit
84%
upper
77%
united
72%
user
69%
used
65%
ugly
63%
uncle
63%
understand
62%
university
60%
universe
58%
urge
58%
union
57%
useful
56%
usual
55%
universal
54%
usually
51%
unique
50%
until
50%
upon
49%
ultimate
44%
understanding
41%
utility
40%
unusual
38%
urban
35%
uniform
34%
unable
33%
unless
33%
ultimately
31%
undergo
29%
unlike
28%
unknown
26%
unlikely
20%
unfortunately
19%
No matching quizzes found
Score Distribution
Percent of People with Each Score
Percentile by Number Answered
Your Score History
You have not taken this quiz